Normal view
MARC view
- Sánchez, Juan Manuel
Entry Nombre Personal
001 - NUMERO DE CONTROL
- campo de control: 52686
003 - IDENTIFICADOR DE NUMERO DE CONTROL
- campo de control: MX-MxUPN
005 - FECHA Y HORA DE LA ÜLTIMA TRANSACCIÓN
- campo de control: 20241107154740.0
008 - DATOS DE LONGITUD FIJA
- campo de control de longitud fija: 240704nn fcnnnaabn n aaa d
040 ## - FUENTE DE CATALOGACIÓN
- Agencia original de catalogación: MX-MxUPN
- Lenguaje de catalogación: spa
100 1# - ENCABEZAMIENTO - NOMBRE PERSONAL
- Nombre personal: Sánchez, Juan Manuel
371 ## - DIRECCIÓN
- Electronic mail address: jmsanchez@upn.mx
373 ## - GRUPO ASOCIADO
- Associated group: Universidad Pedagógica Nacional (México). Unidad 097
670 ## - FUENTE EN LA QUE SE LOCALIZARON DATOS
- Cita de la fuente: Proyecto andamios curriculares, 2011 :
- Información localizada: portada (Juan Manuel Sánchez) página 198 (profesor investigador dentro de la Unidad 097 D.F. Sur de la Universidad Pedagógica Nacional)
670 ## - FUENTE EN LA QUE SE LOCALIZARON DATOS
- Cita de la fuente: Innovar en tiempos de COVID-19 : tendencias y retos en la educación del contexto mexicano, 2023 :
- Información localizada: página 87 (jmsanchez@upn.mx)
902 ## - CATALOGADOR
- Catalogador: VíctorGodínez/040724
